000 01119nam a2200277 4500
001 191505
003 ES-MaACL
005 20250727150807.0
008 220926s2000 sp 001 0 spa
017 _aM 36364-2000
_bOficina Depósito Legal Madrid
020 _a84-8143-255-5
080 _a025.45 CDU (083.74)
245 0 0 _aCDU :
_bClasificación Decimal Universal.
260 _aMadrid :
_bAenor,
_c[2000]
300 _a3 v. ;
_c32 cm +
_efe de erratas (3 p.)
500 _aSustituye a UNE 50001, diciembre 1995.
500 _aGuardado en caja.
505 8 _aContiene: 1. Tablas sistemáticas (0/5) -- 2. Tablas sistemáticas (6/9) -- 3. Índice alfabético
650 7 _aClasificación decimal universal
_2embne
_9164660
710 2 _aAsociación Española de Normalización y Certificación.
_9175273
852 4 _aES-MaACL
_jA-15143
_9198728
_cDEPO1
_dOlim: 025.45 CDU (1995)
_pVol.1
852 4 _aES-MaACL
_jA-15144
_cDEPO1
_9198726
_dOlim: 025.45 CDU (1995)
_pVol. 2
852 4 _aES-MaACL
_jA-15145
_cDEPO1
_9198727
_dOlim: 025.45 CDU (1995)
_pVol.3
942 _2udc
999 _c191505
_d191505